00669nam a2200193Ia 4500008004100000020001800041082002100059100002500080245007700105250000800182260004200190300003000232500000700262600003300269650001600302942000700318952013500325999001500460240925s9999 xx 000 0 und d a9780131471221 a519.20246213 GAR aGarcia ,Alberto Leon 0aProbability ,Statistics, and Random Processes for electrical engineering a3rd aSingapore:bPearson educationc,2008. axxxiv,973p.bNAfOriginal aNA aHumanities & Natural Science aMathematics cBK 001040708HUMaUITUbUITUd2005-03-07eFair Book Centerg375.00l0o519.20246213 GARpQ6116r2024-09-25 07:14:05w2024-09-25yBK c8615d8615